000 00537nam a22001937a 4500
003 KOHA_MİRAKIL
005 20251112154722.0
008 251112b tu ||||| |||| 00| 0 tur d
020 _a9789944887595
040 _aTR-AnABB
_btur
_cTR-AnABB
041 _atur
082 _a814.42
_bAKI 2011
100 1 _aAkın, Sunay,
245 1 0 _aİstanbul'da bir zürafa /
_cSunay Akın
260 _aİstanbul :
_bTürkiye İş Bankası,
_c2011
300 _a166 sayfa ;
_c20 cm
650 0 4 _aTürk edebiyatı, roman
942 _2ddc
_cBK
999 _c9381
_d9381
900 _bGizem YORULMAZ